Statistics for Biggest U.S. Cities in the "Empty" North

Click here to take the quiz!

General Stats

  • This quiz has been taken 46 times
  • The average score is 9 of 12

Answers on the Map

Answers color-coded by a green-red scale on the quiz's map according to % correct below.
 

Answer Stats

StatePop.City% Correct
ND73,622Bismarck
93%
ND125,990Fargo
93%
MT117,116Billings
90%
WY65,132Cheyenne
90%
SD192,517Sioux Falls
90%
SD74,703Rapid City
69%
MT53,293Bozeman
64%
WY59,038Casper
62%
MT73,489Missoula
62%
MT60,442Great Falls
55%
ND59,166Grand Forks
52%
ND48,377Minot
45%

Score Distribution

Percentile by Number Answered

Percent of People with Each Score

Your Score History

You have not taken this quiz